[Event "29. Staufer-Open (B)"]
[Site "?"]
[Date "2017.01.05"]
[Round "7"]
[White "Gheng, Simona"]
[Black "Junger, Ulrich"]
[Result "1/2-1/2"]
[WhiteElo "1975"]
[BlackElo "1995"]
[PlyCount "33"]
[EventDate "2017.??.??"]
[WhiteTeam "SF Deizisau"]
[BlackTeam "SV Ebersbach"]

1. e4 d6 2. d4 e5 3. dxe5 dxe5 4. Qxd8+ Kxd8 5. Bc4 f6 6. Nc3 c6 7. Be3 Nd7 8.
a4 Bc5 9. Ke2 Nh6 10. f3 Ke7 11. Rd1 Bxe3 12. Kxe3 Nc5 13. b4 Be6 14. Bxe6 Nxe6
15. Nge2 Nf7 16. Nb1 Rhd8 17. Na3 1/2-1/2